World Capitals Closest to Athens - Statistics

General Stats
  • This quiz has been taken 1,768 times
  • The average score is 15 of 20
Answer Stats
km capital miles % Correct
818 Ankara 508
93%
1055 Rome 655
92%
527 Sofia 327
92%
502 Tirana 312
90%
745 Bucharest 463
88%
490 Skopje 304
88%
809 Belgrade 502
87%
1083 Zagreb 673
85%
915 Nicosia 568
82%
793 Sarajevo 493
80%
1122 Cairo 697
77%
565 Pristina 351
77%
1126 Budapest 700
75%
626 Podgorica 389
74%
1056 Vatican City 656
67%
1156 San Marino 718
65%
1124 Tripoli 698
62%
1089 Chișinău 677
61%
1153 Beirut 716
58%
852 Valletta 529
45%
No matching quizzes found
Score Distribution
Percent of People with Each Score
Percentile by Number Answered
Your Score History
You have not taken this quiz